00737nam a2200169 a 450000100100000000500170001000800410002704000250006808200150009311000500010824501010015826000700025930000200032971000880034995201130043799900170055000004504320201002045828.0150130s1979 dr 000 0 spa d aDO-SdBNPbspacBNPHU axxxxbxxxx1 aRepública Dominicana.b[Leyes, etc.]91108810aDecreto Número 1805, que aprueba la tarifa de primas del seguro contra accidentes del trabajo. aSanto Domingo :bInstituto Dominicano de Seguros Sociales,c1979. a98 p. ;c21 cm.22aInstituto Dominicano de Seguros Sociales, Dirección Accidentes del Trabajo973039 0010718PDaPDbPDcCTd2015-01-30iLF1l0oxxxx xxxxp45043-10r2020-06-25w2020-06-25yLFPDZNo se presta c44532d44532